000 00514nam a2200181Ia 4500
005 20250326123950.0
008 250326s9999 xx 000 0 und d
037 _aTextbook
040 _aFMSL
_beng
_cFMSL
041 _aeng
_2eng
084 _aV738 L3
_qFMSL
100 _aRosenthal A H
_9736515
245 0 _aPublic science policy and administration
_cRosenthal A H
260 _aUSA
_bUSA, University of New Mexico
_c1973
300 _a322p
942 _cTB
_hV738 L3
999 _c1271681
_d1271681